[Event "Budapest Spring Festival 2019"]
[Site "Budapest"]
[Date "2019.04.14"]
[Round "6.14"]
[White "Bernadskiy, Vitaliy"]
[Black "Gschnitzer, Adrian"]
[Result "1-0"]
[WhiteElo "2587"]
[BlackElo "2380"]
[Annotator "TA"]
[PlyCount "135"]
[EventDate "2019.04.09"]
[EventType "swiss"]
[EventCountry "HUN"]
[SourceTitle "playchess.com"]
[Source "ChessBase"]
[SourceQuality "1"]

{[%evp 10,135,24,8,43,43,56,52,47,29,37,33,44,38,65,60,67,71,75,68,75,73,77,77,73,56,82,87,84,82,95,90,89,79,82,63,58,35,44,41,47,-27,-25,-30,-57,-43,14,16,0,10,16,8,0,-68,0,0,0,0,0,0,0,0,0,0,0,0,0,0,96,66,320,320,292,291,493,188,637,619,574,423,425,0,13,8,8,8,8,9,8,11,119,119,448,438,394,245,459,437,427,408,476,428,844,844,766,800,772,772,750,719,801,794,769,759,861,760,1091,821,832,772,753,707,29972,29971,29977,29978,29978,29969]} 1. d4 Nf6 2. Bg5 Ne4 3. Bf4 c5 4. d5 Qb6 5. Bc1 g6 6. f3 Nf6 {A45: Trompowsky Attack} (6... Nd6 {seems wilder.} 7. e4 Bg7 8. Nc3 f5 9. exf5 gxf5 10. a3 Na6) (6... Nd6 7. e4 Bg7 8. Nd2 O-O 9. f4 e6 10. e5 Nf5 11. Nc4 Qd8 12. dxe6 dxe6 13. Qxd8 Rxd8 14. c3 {½-½ (61) Bauer,C (2682)-Vachier Lagrave,M (2686) Pau 2012}) 7. e4 d6 8. a4 Bg7 {White is slightly better.} 9. Na3 O-O 10. Nc4 Qc7 11. Ne2 Nbd7 12. Nc3 Ne5 $146 ({Predecessor:} 12... a6 13. Be2 Rb8 14. a5 {1-0 (48) Kalugin,S (2454)-Derjabin,I (2391) Alushta 2004}) 13. Nb5 Qb8 14. Nxe5 dxe5 15. Bg5 a6 16. Nc3 b6 17. Be2 h6 18. Be3 Qd6 19. Qd2 Kh7 20. O-O Nh5 21. Rfc1 f5 22. a5 b5 23. b4 c4 24. Bc5 Qd7 25. exf5 (25. g3 $14) 25... gxf5 $11 26. g3 Bb7 27. Re1 {Black should prevent f4.} Rg8 ({Better is} 27... f4 $15 28. g4 Nf6) 28. f4 Nxf4 $1 29. gxf4 exf4 {( -> ...Bd4+)} 30. Kf2 $1 e5 31. Rg1 (31. Bf3 $1 $11) 31... e4 ({Black should try} 31... Qd8 $1 $15 32. Ke1 Qh4+ {[%mdl 64] Double Attack} 33. Bf2 Qxh2) 32. Qxf4 {Hoping for Rg3.} Bxc3 33. Be3 {[%csl Ge3][%cal Rf4h6]} Kh8 $1 34. Rad1 Rxg1 35. Rxg1 {Strongly threatening Rg6.} Rg8 36. Qxh6+ $40 {[%mdl 128] White has some attack.} Qh7 {aiming for ...Rxg1.} 37. Rxg8+ Kxg8 38. Qg5+ Qg7 (38... Kh8 $1 $11 {remains equal.} 39. Qd8+ Qg8) 39. Qxf5 $16 {Bh5 is the strong threat.} Qf7 $2 {[%mdl 8192]} ({Black should play} 39... Bxb4 $14 40. Qxe4 Qe7 41. Qxe7 Bxe7) 40. Qxf7+ $18 Kxf7 {[%mdl 4096] Endgame [#] KBB-KBB} 41. d6 $1 {[%cal Rd6d7]} Bc8 $2 (41... Bxb4 42. d7 Bxa5) 42. Bc5 $2 (42. Bh5+ Kf6 43. Be8) 42... Bd2 $2 (42... Kg6 43. Bf1 Bf6) 43. Bh5+ Kf6 44. Bd4+ Kf5 45. Bc5 $2 (45. Be8 $18 Ke6 46. Bc5) 45... Kf4 46. Ke2 e3 $1 47. c3 Bxc3 {And now ...Bd2 would win.} 48. Bxe3+ Ke5 49. Bc5 Bb2 (49... Kf4 $1 $11 {keeps the balance.}) 50. h4 Bf5 $2 {[%mdl 8192] [#]} (50... Bd7 $16 {is tougher.}) 51. Bg6 $1 {[%cal Rg6f5][%mdl 512]} Bd7 ({Wrong is} 51... Bxg6 $2 52. d7) 52. Kd2 Kd5 $2 (52... Kf4 {was necessary.} 53. h5 Be5) 53. h5 Bg7 54. Ke3 Bh6+ 55. Kf3 Ke5 (55... Bg7 $142 56. Be4+ Ke6) 56. Be3 Bc6+ 57. Ke2 Bg7 58. h6 Bh8 59. Bc5 Kf4 60. h7 Bd7 61. Kd2 Kf3 62. Kc2 Ke2 63. Bb6 Kf3 64. Bd8 Kg4 65. Kd2 c3+ 66. Ke3 {White mates.} Bc6 67. Bb6 Kg5 68. Bd3 {Accuracy: White = 70%, Black = 39%.} 1-0

[Event "Budapest Spring Festival 2019"]
[Site "Budapest"]
[Date "2019.04.14"]
[Round "6.15"]
[White "Sedlak, Nikola"]
[Black "Mehar, Chinna Reddy C.H."]
[Result "1/2-1/2"]
[WhiteElo "2598"]
[BlackElo "2348"]
[Annotator "TA"]
[PlyCount "105"]
[EventDate "2019.04.09"]
[EventType "swiss"]
[EventCountry "HUN"]
[SourceTitle "playchess.com"]
[Source "ChessBase"]
[SourceQuality "1"]

{[%evp 12,105,12,6,11,8,15,10,73,13,20,13,7,9,32,30,21,0,27,21,25,19,36,8,17,0,0,0,0,-18,-21,-38,0,-35,-15,-12,6,6,5,8,5,8,8,8,8,9,35,31,35,35,55,82,75,62,16,18,48,0,0,0,0,0,0,0,0,0,0,0,0,0,0,0,0,0,0,0,0,0,0,0,0,0,0,0,0,0,0,0,0,0,0,0,0,0,0,0]} 1. d4 d5 2. c4 c6 3. Nc3 Nf6 4. cxd5 cxd5 5. Bf4 Nc6 6. e3 a6 7. Rc1 Bg4 {D10: Slav Defence: 3 cxd5 (without early Nf3) and 3 Nc3} (7... Bf5 8. Nf3 e6 9. Qb3 Ra7 10. Ne5 Nxe5 11. Bxe5 Nd7 12. Bg3 Be7 13. Qd1 O-O 14. Bd3 {½-½ (14) Ivanchuk,V (2758)-Le,Q (2705) Caleta 2013}) 8. f3 Bh5 9. h4 {Black must now prevent g4.} h6 (9... Bg6 $1 $11 {keeps the balance.}) 10. g4 ({Better is} 10. Qb3 $16) 10... Bg6 $11 11. Nh3 e6 12. Kf2 Bd6 13. Bxd6 Qxd6 14. Nf4 O-O 15. Qd2 $146 ({Predecessor:} 15. g5) 15... Rad8 16. g5 Nh5 17. Nxh5 Bxh5 18. f4 Ne7 19. Bd3 Bg6 20. gxh6 gxh6 21. Bxg6 fxg6 22. Ne2 {[%cal Bc3e2,Be2g1,Bg1f3,Bf3g5][%mdl 32]} h5 23. Ng1 Rc8 24. Nf3 Rxc1 25. Rxc1 Rc8 26. Rxc8+ Nxc8 27. Qc2 Ne7 28. Qc5 Qd8 29. Ng5 Nf5 30. Nxe6 Qxh4+ 31. Ke2 Ne7 {aiming for ...Qg4+.} 32. Qd6 Qg4+ $1 33. Kd2 Kf7 $1 34. Ng5+ Ke8 {The position is equal.} 35. Qb8+ ({Don't do} 35. Ne6 $6 Kf7 $16) 35... Qc8 36. Qe5 Qc4 37. Ne6 {Strongly threatening Qh8+.} Qb4+ {[%mdl 64] [#] Double Attack} 38. Kd1 Qxb2 39. Qb8+ Kf7 $1 {[%cal Rf7e6]} ({Avoid the trap} 39... Kd7 $2 40. Nc5+ Kc6 41. Qe8+ Kc7 42. Qxe7+ $18) 40. Nd8+ Kg7 41. Qe5+ {[%mdl 64] Double Attack} Kf8 42. Ne6+ Kf7 43. Ng5+ Kf8 44. Qb8+ Kg7 45. Qc7 Qb4 {[#]} 46. a3 $1 {[%mdl 512]} Qb3+ (46... Qxa3 47. Ke2) 47. Kd2 Kh6 ({Don't blunder} 47... Qxa3 $2 48. Ke2 $18) 48. Nf7+ Kg7 49. Qxe7 {Intending Ng5+ and mate.} Qb2+ 50. Ke1 {White wants to mate with Ng5+.} Qc1+ 51. Kf2 {Ng5+ would kill now.} Qd2+ 52. Kg3 {White threatens Ng5+ and mate.} Qe1+ 53. Kg2 {Accuracy: White = 73%, Black = 73%.} 1/2-1/2

[Event "Budapest Spring Festival 2019"]
[Site "Budapest"]
[Date "2019.04.14"]
[Round "6.16"]
[White "Kulkarni, Bhakti"]
[Black "Kosic, Dragan"]
[Result "1/2-1/2"]
[WhiteElo "2350"]
[BlackElo "2508"]
[Annotator "TA"]
[PlyCount "32"]
[EventDate "2019.04.09"]
[EventType "swiss"]
[EventCountry "HUN"]
[SourceTitle "playchess.com"]
[Source "ChessBase"]
[SourceQuality "1"]

{[%evp 13,32,-23,-32,-34,-31,-37,-12,-43,0,0,2,-7,-7,-7,-7,-7,-7,-10,-12,-24,-18]} 1. d4 Nf6 2. c4 e6 3. Nc3 Bb4 4. Qc2 O-O 5. a3 Bxc3+ 6. Qxc3 b6 7. f3 d5 8. Bg5 {E32: Nimzo-Indian: Classical (4 Qc2): 4...0-0} dxc4 (8... h6 9. Bh4 Bb7 10. e3 Nbd7 11. cxd5 exd5 12. Bd3 Re8 13. Bf2 c5 14. Ne2 Rc8 15. O-O cxd4 16. Qxd4 Nc5 17. Bc2 Ba6 18. Rfe1 Nce4 19. Ba4 Rc4 20. Qd1 Nxf2 21. Kxf2 Rxe3 22. Kxe3 Qe7+ 23. Kf2 Qc5+ 24. Kg3 Ne4+ {0-1 (24) Tazbir,M (2524)-Klekowski,M (2457) Hucisko 2016}) 9. Qxc4 Ba6 10. Qa4 {The position is equal.} Qd7 (10... h6 {keeps more tension.} 11. Bh4 c5 12. dxc5 bxc5 13. e4 Bxf1 14. Kxf1 Qb6) 11. Qxd7 Nbxd7 12. Bxf6 $146 (12. e4 {feels hotter.} Bxf1 13. Kxf1 c5 14. Be3 cxd4 15. Bxd4 e5 16. Bc3) ({Predecessor:} 12. e4 Bxf1 13. Kxf1 Rac8 14. Ne2 c5 15. Be3 Rfd8 {1-0 (32) Gislason,G (2322)-Mueller,J (2099) Pardubice 2011}) 12... Nxf6 13. e3 Bxf1 14. Kxf1 Rfc8 15. Ne2 c5 16. Kf2 cxd4 1/2-1/2

[Event "Budapest Spring Festival 2019"]
[Site "Budapest"]
[Date "2019.04.14"]
[Round "6.17"]
[White "Popovic, Dusan"]
[Black "Krstulovic, Alex"]
[Result "1/2-1/2"]
[WhiteElo "2503"]
[BlackElo "2345"]
[Annotator "TA"]
[PlyCount "49"]
[EventDate "2019.04.09"]
[EventType "swiss"]
[EventCountry "HUN"]
[SourceTitle "playchess.com"]
[Source "ChessBase"]
[SourceQuality "1"]

{[%evp 9,49,15,13,8,9,0,1,-6,0,-14,0,-14,1,0,0,-29,0,-61,-63,-77,-22,-10,6,-33,-2,-16,-20,-16,-9,-15,-8,-39,0,0,0,0,0,0,0,-193,-194,-199]} 1. e4 e5 2. Nf3 Nc6 3. Bc4 Bc5 4. Nc3 Nf6 5. d3 O-O 6. a3 {C50: Hungarian Defence and Giuoco Pianissimo} (6. O-O h6 7. Na4 Be7 8. a3 d6 9. h3 Be6 10. Bxe6 fxe6 11. Nc3 Qe8 12. d4 Nxd4 13. Nxd4 exd4 14. Qxd4 Qc6 15. e5 dxe5 16. Qxe5 {½-½ (54) Fedoseev,V (2733)-Roiz,M (2604) Antalya 2017}) 6... a5 7. Nd5 $146 ({Predecessor:} 7. Bg5 h6 8. Bh4 Be7 9. h3 d6 10. Bxf6 Bxf6 11. Nd5 g6 12. h4 Bg4 13. Qd2 Bg7 {1-0 (33) Valmana Canto,J (2327)-Jordan Arenas,M (2185) Valencia 2012}) 7... Nxd5 8. Bxd5 {The position is equal.} d6 9. c3 h6 10. h3 Ne7 11. Ba2 Bb6 12. Nd2 c6 13. Nc4 ({White should try} 13. Qh5 $11) 13... Bc7 $15 14. Ne3 Ng6 (14... d5 $17) 15. g3 $11 Be6 16. Qf3 Qd7 17. a4 Bxa2 ({But not} 17... Bxh3 $2 18. g4 $18) 18. Rxa2 Qe6 19. Ra1 Ne7 20. g4 g6 21. Nf5 gxf5 22. gxf5 Qf6 {...d5 is the strong threat.} 23. h4 $1 Rfe8 {aiming for ...Kf8.} 24. Be3 $2 {[#]} (24. Rg1+ $11 {and White has nothing to worry.} Kh7 25. Qh5) 24... Kf8 $1 $19 25. Ke2 {Accuracy: White = 29%, Black = 49%.} 1/2-1/2

[Event "Budapest Spring Festival 2019"]
[Site "Budapest"]
[Date "2019.04.14"]
[Round "6.18"]
[White "Galyas, Miklos"]
[Black "Rudolf, Michal"]
[Result "1/2-1/2"]
[WhiteElo "2490"]
[BlackElo "2337"]
[Annotator "TA"]
[PlyCount "69"]
[EventDate "2019.04.09"]
[EventType "swiss"]
[EventCountry "HUN"]
[SourceTitle "playchess.com"]
[Source "ChessBase"]
[SourceQuality "1"]

{[%evp 9,69,-6,-7,-14,-8,-10,-2,-13,6,-14,-8,-16,0,-10,0,0,0,0,0,0,0,-8,23,-22,0,0,7,-14,11,6,12,-4,-5,0,0,0,0,-15,-10,-13,-9,-24,-10,-14,-14,-14,-14,-18,0,-4,-8,-8,-1,-9,-10,-14,-14,-19,-24,-18,-10,-33]} 1. d4 d5 2. Bf4 Nf6 3. e3 c5 4. c3 e6 5. Nd2 Bd6 6. Bg3 {D00: 1 d4 d5: Unusual lines} (6. Bb5+ Nc6 7. Bg3 Bxg3 8. hxg3 Qd6 9. g4 e5 10. dxe5 Qxe5 11. Ngf3 Qe7 12. g5 Ne4 13. Bxc6+ bxc6 {0-1 (31) Naiditsch,A (2705)-Inarkiev,E (2689) Riadh 2017}) 6... Qc7 7. Bxd6 Qxd6 8. f4 O-O 9. Bd3 b6 10. Qe2 a5 11. Ngf3 Ba6 12. Bxa6 Nxa6 13. O-O $146 Nc7 14. Ne5 Nd7 15. Rad1 {[#] aiming for Ndc4!} Qe7 16. Ndf3 f6 17. Nxd7 Qxd7 18. e4 dxe4 19. Qxe4 Qd5 20. Qxd5 exd5 21. c4 dxc4 22. dxc5 bxc5 23. Rd7 Rf7 24. Rxf7 Kxf7 $11 {[%mdl 4096] Endgame KRN-KRN} 25. Rc1 Ke6 26. Nd2 a4 27. Nxc4 Rb8 28. Kf2 Rb4 29. g3 Kd5 30. Ne3+ Kc6 31. Rc2 Ne6 32. Rd2 Nd4 33. Nc2 Nxc2 34. Rxc2 Kd5 35. Rd2+ {Accuracy: White = 57%, Black = 38%.} 1/2-1/2

[Event "Budapest Spring Festival 2019"]
[Site "Budapest"]
[Date "2019.04.14"]
[Round "6.19"]
[White "Akesson, Ralf"]
[Black "Swayams, Mishra"]
[Result "1/2-1/2"]
[WhiteElo "2346"]
[BlackElo "2478"]
[Annotator "ChessBase"]
[PlyCount "38"]
[EventDate "2019.04.09"]
[EventType "swiss"]
[EventCountry "HUN"]
[SourceTitle "playchess.com"]
[Source "ChessBase"]
[SourceQuality "1"]
[TimeControl "40/5400+30:1800+30"]

1. d4 {[%emt 0:00:03]} Nf6 {[%emt 0:01:52]} 2. c4 {[%emt 0:00:19]} e6 {[%emt 0:00:26]} 3. Nc3 {[%emt 0:00:48]} Bb4 {[%emt 0:00:11]} 4. e3 {[%emt 0:00:44]} b6 {[%emt 0:00:27]} 5. Nge2 {[%emt 0:02:36]} Ba6 {[%emt 0:01:04]} 6. a3 {[%emt 0:00:52]} Bxc3+ {[%emt 0:00:05]} 7. Nxc3 {[%emt 0:00:08]} d5 {[%emt 0:00:43]} 8. b3 {[%emt 0:05:41]} O-O {[%emt 0:04:00]} 9. Be2 {[%emt 0:01:29]} Nc6 {[%emt 0:01:04]} 10. cxd5 {[%emt 0:08:09]} Bxe2 {[%emt 0:00:31]} 11. Nxe2 {[%emt 0:00:05]} exd5 {[%emt 0:01:10]} 12. O-O {[%emt 0:00:35]} Re8 {[%emt 0:00:39]} 13. f3 {[%emt 0:00:54]} Qd7 {[%emt 0:01:16]} 14. Qd3 {[%emt 0:05:33]} a5 {[%emt 0:05:30]} 15. Ra2 {[%emt 0:02:29]} a4 {[%emt 0:02:54]} 16. b4 {[%emt 0:00:30]} Na7 {[%emt 0:08:09]} 17. Nc3 {[%emt 0:02:10]} Rad8 {[%emt 0:02:53]} 18. Qa6 {[%emt 0:13:03]} Ra8 {[%emt 0:03:09]} 19. Qd3 {[%emt 0:01:50]} Rad8 {[%emt 0:01:00]} 1/2-1/2

[Event "Budapest Spring Festival 2019"]
[Site "Budapest"]
[Date "2019.04.14"]
[Round "6.20"]
[White "Risting, Eivind Olav"]
[Black "Lizak, Peter"]
[Result "1-0"]
[WhiteElo "2345"]
[BlackElo "2472"]
[Annotator "TA"]
[PlyCount "67"]
[EventDate "2019.04.09"]
[EventType "swiss"]
[EventCountry "HUN"]
[SourceTitle "playchess.com"]
[Source "ChessBase"]
[SourceQuality "1"]

{[%evp 14,67,55,22,32,43,66,0,62,0,57,31,68,31,93,86,99,93,105,98,107,100,100,106,81,108,77,83,193,140,258,260,387,388,401,353,315,283,340,335,336,333,304,308,507,500,592,625,841,831,804,828,807,802,1916,1836]} 1. d4 Nf6 2. c4 c5 3. d5 b5 4. cxb5 a6 5. e3 g6 6. Nc3 Bg7 7. a4 O-O 8. Nf3 e6 {A57: Benko/Volga Gambit} 9. dxe6 fxe6 10. Be2 (10. Ra3 $14) 10... d5 (10... axb5 $11 11. Bxb5 (11. Nxb5 Nc6 $11) 11... d5) 11. O-O (11. Ra3 $14) 11... Bb7 ({Black should play} 11... axb5 $11 12. Bxb5 Bd7) 12. Qc2 $146 ({Predecessor:} 12. Ra3 Nbd7 13. bxa6 Bxa6 14. Bxa6 Rxa6 15. e4 d4 16. Qe2 {1-0 (33) Banikas,H (2601)-Stojanovski,D (2430) Skopje 2018}) 12... Qe7 13. Rb1 a5 (13... e5 $14) 14. b3 Nbd7 15. Ba3 e5 16. e4 {Threatens to win with exd5.} d4 17. Bc4+ Kh8 18. Nd5 $36 {[%mdl 2048] Keeping Black busy.} Nxd5 19. Bxd5 Bxd5 20. exd5 e4 {[#]} (20... Bh6 $16) 21. Rbe1 (21. d6 $1 $18 {[%mdl 512]} Qxd6 22. Qxe4) 21... Rxf3 (21... Rae8 $16) 22. gxf3 $18 d3 {[#]} (22... Qg5+ {was called for.} 23. Kh1 exf3) 23. Qd1 $1 Qg5+ 24. Kh1 d2 25. Re3 ({Much less strong is} 25. Rxe4 Qxd5 26. Qe2 Qxb3 $18) 25... exf3 26. Qxf3 Rf8 27. Qg2 Qh5 {[#]} 28. f3 $1 Qxd5 $2 (28... Kg8 29. Rd3 Bh6) 29. Rd1 {White is clearly winning.} Bd4 30. Qxd2 Rxf3 {[%cal Rf3f1]} 31. Qg2 Rf5 32. Qxd5 Rxd5 {[#]} 33. Bb2 $1 {[%mdl 512]} Ne5 {[#]} (33... Bxb2 34. Rxd5) 34. Rxd4 $1 {[%mdl 512] Accuracy: White = 66%, Black = 13%.} 1-0

[Event "Budapest Spring Festival 2019"]
[Site "Budapest"]
[Date "2019.04.14"]
[Round "6.21"]
[White "Kulkarni, Rakesh"]
[Black "Henderson De La Fuente, Lance"]
[Result "0-1"]
[WhiteElo "2334"]
[BlackElo "2471"]
[Annotator "TA"]
[PlyCount "72"]
[EventDate "2019.04.09"]
[EventType "swiss"]
[EventCountry "HUN"]
[SourceTitle "playchess.com"]
[Source "ChessBase"]
[SourceQuality "1"]

{[%evp 10,72,0,0,0,0,-4,-18,-5,-9,0,-16,41,41,45,46,43,40,43,43,38,18,14,20,70,42,41,34,28,34,28,2,12,-9,-9,-9,-9,-25,-19,-71,-19,-169,-162,-170,-161,-171,-149,-157,-166,-657,-642,-29958,-29959,-6654,-6075,-29977,-29978,-29965,-29966,-29991,-29992,-29992,-29993,-29997,-29998]} 1. e4 e6 2. d4 d5 3. Bd3 dxe4 4. Bxe4 Nf6 5. Bf3 c5 6. Ne2 Be7 {C01: French: Exchange Variation} (6... Nc6 7. Be3 cxd4 8. Nxd4 Ne5 9. Nc3 a6 10. Qe2 Nxf3+ 11. Qxf3 e5 12. Nb3 Bb4 13. Bg5 h6 14. Rd1 {½-½ (31) Andriasian,Z (2604)-Martirosyan,H (2607) Yerevan 2019}) 7. Nbc3 O-O 8. Be3 Qa5 {The position is equal.} 9. O-O Nc6 10. Qe1 Bd7 $146 (10... cxd4 $11 11. Nxd4 Ne5) ({Predecessor:} 10... cxd4 11. Nxd4 Ne5 12. Be2 Bd7 13. Rd1 Rfd8 14. f4 {½-½ (40) Gerola,G (2471)-Latronico,N (2499) ICCF email 2009}) 11. Bxc6 $14 Bxc6 {[#]} 12. Nd5 $1 {[%mdl 512]} Qd8 (12... Bxd5 13. Qxa5) 13. Nxe7+ Qxe7 14. dxc5 Ng4 15. Nc3 Qc7 {[%csl Gg4][%cal Rc7h2]} 16. f4 a5 17. h3 Nh6 18. Rd1 Rad8 19. Qf2 Nf5 20. a3 Qe7 21. g3 Qf6 22. Kh2 h5 23. Rg1 Rfe8 24. Rxd8 (24. Rgf1 $11 {keeps the balance.}) 24... Rxd8 $17 25. Rd1 (25. Rf1 $1 $11 {and White stays safe.}) 25... Rxd1 $19 26. Nxd1 {[#]} e5 $1 27. b4 axb4 28. axb4 Qe6 {Strongly threatening ...exf4.} 29. Qf1 $2 (29. Nc3) 29... exf4 30. Qxf4 {intending c4.} Qd5 {[%csl Gc6][%cal Rd5h1]} 31. Qf1 h4 32. Bf4 hxg3+ {Black mates.} 33. Bxg3 Qd2+ 34. Nf2 Nxg3 35. Kxg3 Qe3+ 36. Kh2 Qf4+ {[%mdl 64] Double Attack. Accuracy: White = 31%, Black = 86%.} 0-1

[Event "Budapest Spring Festival 2019"]
[Site "Budapest"]
[Date "2019.04.14"]
[Round "6.22"]
[White "Bashirli, Nail"]
[Black "Ankit, R. Rajpara"]
[Result "1/2-1/2"]
[WhiteElo "2333"]
[BlackElo "2462"]
[Annotator "TA"]
[PlyCount "70"]
[EventDate "2019.04.09"]
[EventType "swiss"]
[EventCountry "HUN"]
[SourceTitle "playchess.com"]
[Source "ChessBase"]
[SourceQuality "1"]

{[%evp 13,70,0,24,21,21,25,29,27,25,25,26,28,28,14,25,6,22,0,0,0,0,0,0,0,0,0,-2,-27,-12,-33,-21,-29,-29,-29,-25,-45,-23,-62,-64,-146,-45,-29,-24,-24,-10,-14,-7,-10,0,0,0,0,0,0,0,0,0,-41,-19]} 1. e4 c6 2. Nc3 d5 3. Nf3 Bg4 4. h3 Bxf3 5. Qxf3 e6 6. Be2 Nd7 7. O-O Ngf6 8. d4 {B11: Caro-Kann: Two Knights Variation} dxe4 9. Nxe4 Nxe4 10. Qxe4 {White has an edge.} Nf6 11. Qd3 Bd6 12. a4 a5 $146 ({Predecessor:} 12... Qe7 13. a5 a6 14. Rd1 Rd8 15. Qf3 h6 {1-0 (53) Vachier Lagrave,M (2803)-Agrest,E (2593) chess.com INT 2017}) 13. Bg5 O-O 14. Qb3 Rb8 15. c4 h6 16. Be3 Qc7 17. Rfd1 Bh2+ 18. Kh1 {next g3 is good for White.} Bf4 19. Bf3 Bxe3 20. fxe3 Rfd8 21. Rac1 c5 22. d5 exd5 23. cxd5 b6 24. Qd3 Rd6 25. Qf5 Re8 26. Qf4 (26. Rc3 $15) 26... Qe7 (26... g5 $17 27. Qh2 Rxe3) 27. e4 Nd7 28. Rf1 Ne5 {aiming for ...Nd3.} 29. Be2 Red8 30. Qh2 g6 31. h4 Rf6 32. Rxf6 Qxf6 33. Rf1 Qe7 34. Qg3 Kg7 35. Rf5 f6 {Accuracy: White = 49%, Black = 64%.} 1/2-1/2

[Event "Budapest Spring Festival 2019"]
[Site "Budapest"]
[Date "2019.04.14"]
[Round "6.23"]
[White "Gorodetzky, David"]
[Black "Stocko, Josip"]
[Result "1-0"]
[WhiteElo "2461"]
[BlackElo "2317"]
[Annotator "TA"]
[PlyCount "63"]
[EventDate "2019.04.09"]
[EventType "swiss"]
[EventCountry "HUN"]
[SourceTitle "playchess.com"]
[Source "ChessBase"]
[SourceQuality "1"]

{[%evp 11,63,0,19,22,33,30,28,29,77,72,130,132,123,123,125,132,143,135,134,110,136,174,264,243,239,259,250,175,285,281,267,278,276,215,218,157,157,171,177,164,252,251,302,310,740,733,718,604,595,594,585,561,556,544]} 1. c4 e5 2. Nc3 Nc6 3. Nf3 g6 4. g3 Bg7 5. Bg2 Nge7 6. d3 O-O {LiveBook: 19 Games. A26: English Opening vs King's Indian with ...Nc6 and d3} 7. h4 (7. O-O d6 8. Rb1 a5 9. b3 h6 10. Bb2 Be6 11. e3 d5 12. cxd5 Nxd5 13. Ne4 b6 14. Rc1 Ndb4 15. a3 Nxd3 16. Rxc6 Nxb2 {1-0 (65) Artemiev,V (2682)-Predke,A (2566) Sochi 2017}) 7... Nd4 $146 ({Predecessor:} 7... d6 8. h5 Bg4 9. hxg6 fxg6 10. Bg5 Qd7 11. Qd2 Bxf3 12. Bxf3 Rxf3 13. exf3 Nd4 14. O-O-O Nxf3 {0-1 (34) Mousa,M (1884)-Mousa,A (2226) Alexandria 2017}) 8. h5 Nxf3+ {White has an edge.} 9. Bxf3 c6 10. hxg6 hxg6 ({Black should try} 10... fxg6 11. c5 d5) 11. Bh6 $16 Bxh6 12. Rxh6 Kg7 {[#]} 13. Qd2 $1 Rh8 14. Rxh8 Qxh8 15. O-O-O Qh6 16. e3 $36 {[%mdl 2048] White has strong initiative.} f5 (16... Qg5 $142 17. Ne4 Qf5) 17. d4 $18 {[%cal Bd3d4,Bd4d5][%mdl 32]} e4 18. Rh1 Qg5 19. d5 {aiming for Qd4+.} Qf6 {[#]} (19... Ng8 {might work better.}) 20. Bxe4 $1 {[%mdl 512]} d6 ({But not} 20... fxe4 $2 21. Nxe4 Ng8 22. Nxf6 $18) 21. f4 Bd7 22. Qh2 Kf7 23. Qh7+ Qg7 24. Bf3 Rc8 25. Kd2 Ng8 (25... cxd5 {keeps fighting.} 26. Nxd5 (26. Bxd5+ Nxd5 27. cxd5 b5 $16) 26... Ng8) 26. e4 {[%cal Be3e4,Be4f5][%mdl 32]} cxd5 27. exf5 ({Less strong is} 27. Nxd5 Rxc4 28. Ne3 Rd4+ 29. Kc3 Ra4+ 30. Qxg7+ Kxg7 $16) 27... d4 $2 (27... Bxf5 28. Bxd5+ Kf8 29. Qxg7+ Kxg7) 28. fxg6+ {White is clearly winning.} Kf8 29. Qxg7+ Kxg7 30. Rh7+ Kxg6 31. Rxd7 dxc3+ 32. Kxc3 {Accuracy: White = 88%, Black = 50%.} 1-0

[Event "Budapest Spring Festival 2019"]
[Site "Budapest"]
[Date "2019.04.14"]
[Round "6.24"]
[White "Raja, Harshit"]
[Black "Nandhidhaa, P V"]
[Result "1-0"]
[WhiteElo "2432"]
[BlackElo "2314"]
[Annotator "NA"]
[PlyCount "65"]
[EventDate "2019.04.09"]
[EventType "swiss"]
[EventCountry "HUN"]
[SourceTitle "playchess.com"]
[Source "ChessBase"]
[SourceQuality "1"]
[TimeControl "40/5400+30:1800+30"]

1. e4 {[%emt 0:00:18]} c5 {[%emt 0:00:12]} 2. Nf3 {[%emt 0:00:11]} e6 {[%emt 0:00:06]} 3. d4 {[%emt 0:00:11]} cxd4 {[%emt 0:00:05]} 4. Nxd4 {[%emt 0:00:08]} Nc6 {[%emt 0:00:06]} 5. Nc3 {[%emt 0:00:13]} Qc7 {[%emt 0:00:11]} 6. g3 {[%emt 0:00:20]} a6 {[%emt 0:00:53]} 7. Bg2 {[%emt 0:01:01]} Nf6 {[%emt 0:00:11]} 8. O-O {[%emt 0:00:10]} h5 {[%emt 0:00:07]} 9. h3 {[%emt 0:00:05]} Bc5 {[%emt 0:00:18]} 10. Nxc6 {[%emt 0:02:41]} dxc6 {[%emt 0:02:10]} 11. e5 {[%emt 0:00:23]} Qxe5 {[%emt 0:01:41]} 12. Bf4 {[%emt 0:00:12]} Qd4 {[%emt 0:03:11]} 13. Qe1 {[%emt 0:00:27]} Be7 {[%emt 0:04:13]} 14. Be5 {[%emt 0:00:50]} Qa7 {[%emt 0:14:36]} 15. Rd1 {[%emt 0:01:34]} O-O {[%emt 0:00:35]} 16. Ne4 {[%emt 0:00:12]} Nxe4 {[%emt 0:02:08]} 17. Bxe4 {[%emt 0:00:08]} Qc5 {[%emt 0:08:52]} 18. Kh2 {[%emt 0:00:09]} h4 {[%emt 0:02:53]} 19. f4 {[%emt 0:01:00]} f5 {[%emt 0:07:37]} 20. Bf3 {[%emt 0:12:30]} Qxc2+ {[%emt 0:04:59]} 21. Rd2 {[%emt 0:04:05]} hxg3+ {[%emt 0:00:16]} 22. Kh1 {[%emt 0:03:05]} Qc4 {[%emt 0:00:30]} 23. Rg1 {[%emt 0:00:58]} Bh4 {[%emt 0:11:53]} 24. Rxg3 {[%emt 0:01:59]} Rf7 {[%emt 0:00:10]} 25. Bh5 {[%emt 0:04:07]} Bxg3 {[%emt 0:08:43]} 26. Qxg3 {[%emt 0:00:06]} Qc1+ {[%emt 0:01:13]} 27. Rd1 {[%emt 0:00:09]} Qxd1+ {[%emt 0:00:27]} 28. Bxd1 {[%emt 0:00:03]} b5 {[%emt 0:00:28]} 29. Bh5 {[%emt 0:00:24]} Re7 {[%emt 0:00:39]} 30. Qh4 {[%emt 0:01:18]} Rd7 {[%emt 0:02:39]} 31. Bg6 {[%emt 0:00:06]} Rd1+ {[%emt 0:02:05]} 32. Kg2 {[%emt 0:00:18]} Rd2+ {[%emt 0:00:53]} 33. Kf1 {[%emt 0:00:06]} 1-0